00400nam a22001457a 4500003000400000005001700004008004100021020001800062040000900080082001700089100002400106245006900130260004500199300001000244OSt20221110144221.0221102b ||||| |||| 00| 0 eng d a9789385084225 coclc a641.4bVIN/F aSingh, Vinay Kumar  aFruit and vegetable preservation techniques /cVinay Kumar Singh aGhaziabad:bPratap Book Services,c2016. a244 p